MLB Top 10 Stats Leaders - Statistics

General Stats
  • This quiz has been taken 942 times
  • The average score is 31 of 50
Answer Stats
# Hits % Correct
762 Barry Bonds
99%
1996 Barry Bonds
99%
714 Babe Ruth
95%
2214 Babe Ruth
95%
3771 Hank Aaron
95%
755 Hank Aaron
95%
2297 Hank Aaron
95%
5714 Nolan Ryan
93%
4256 Pete Rose
93%
4875 Randy Johnson
88%
417 Walter Johnson
87%
3509 Walter Johnson
87%
696 Alex Rodriguez
85%
2086 Alex Rodriguez
85%
511 Cy Young
85%
673 Albert Pujols
84%
2128 Albert Pujols
84%
4189 Ty Cobb
82%
1944 Ty Cobb
82%
660 Willie Mays
77%
630 Ken Griffey Jr
73%
3465 Derek Jeter
71%
609 Sammy Sosa
70%
354 Roger Clemens
68%
4672 Roger Clemens
68%
355 Greg Maddux
64%
3371 Greg Maddux
64%
612 Jim Thome
62%
3630 Stan Musial
58%
1951 Stan Musial
58%
586 Frank Robinson
55%
1995 Lou Gehrig
52%
3420 Honus Wagner
47%
3640 Tom Seaver
47%
4136 Steve Carlton
42%
373 Christy Mathewson
40%
3514 Tris Speaker
37%
3435 Cap Anson
32%
2075 Cap Anson
32%
363 Warren Spahn
32%
1922 Jimmie Foxx
31%
3319 Paul Molitor
30%
3419 Carl Yastrzemski
29%
3701 Bert Blyleven
27%
373 Pete Alexander
24%
3574 Don Sutton
22%
3534 Gaylord Perry
22%
361 Kid Nichols
10%
365 Pud Galvin
10%
342 Tim Keefe
7%
No matching quizzes found
Score Distribution
Percent of People with Each Score
Percentile by Number Answered
Your Score History
You have not taken this quiz